000 00569nam a2200193 a 4500
001 15960
003 CO-ViMGA
008 141112s2004 ck r 000 u spa d
020 _a9589075193
040 _aCO-ViMGA
_bspa
_cCO-ViMGA
082 0 4 _aCo861 R849a
100 1 _aRuiz Gómez, Darío
_98032
245 1 0 _aA la sombra del Ángel
260 _aMedellín,
_cBiblioteca Pública piloto,
_c1990
300 _a120.p.
590 _aForma de adquisición : Donacion Biblioteca Nacional 2003 - - Precio :
_15.000
650 1 4 _aPOESIA COLOMBIANA
_91069
942 _2ddc
_cBK
999 _c25955
_d25955